000 01023nam a22002657a 4500
005 20240530110526.0
008 150602s2012 ua a g 000 0 ara d
017 _a22204
_bمصر . دار الكتب المصرية
020 _a9789773582701
040 _aEG-CaGPL
082 0 4 _221
_a302.23\
_bم إ
100 1 _aماكفيل ، توماس ل.
245 1 2 _aالاعلام العالمى /
_cتاليف توماس ل. ماكفيل ؛ ترجمة عبدالحكم احمد الخزامى .
246 _aGlobal communication
250 _aط1.
260 _aالقاهرة :
_bدار الفجر للنشر و التوزيع ،
_c2012 .
300 _a481 ص ؛
_c24 سم .
650 0 4 _aالاعلام الدولى .
650 0 4 _aوسائل الاعلام .
650 0 4 _aوسائل الاعلام
_zاوروبا .
650 0 4 _aالراى العام العالمى .
700 0 _aعبدالحكم احمد الخزامى
_eمترجم .
942 _2ddc
_cBK
999 _c62003
_d62003